USA V.S China - Statistics

General Stats
  • This quiz has been taken 62 times
  • The average score is 8 of 10
Answer Stats
Hint Answer % Correct
More people? China
100%
Has more guns? USA
94%
Touches more countries? China
93%
Has company with TikTok? China
93%
Dominate party is communist? China
91%
Has more stars on their flag? USA
89%
Releases more co2? China
76%
Has bigger economy? USA
69%
More states / Provinces USA
69%
Touches more of the pacific? China
31%
No matching quizzes found
Score Distribution
Percent of People with Each Score
Percentile by Number Answered
Your Score History
You have not taken this quiz